Hazardous waste management / (Record no. 328872)

000 -LEADER
fixed length control field 01203cam a2200301 a 4500
001 - CONTROL NUMBER
control field 1580591
003 - CONTROL NUMBER IDENTIFIER
control field Nust
005 - DATE AND TIME OF LATEST TRANSACTION
control field 20170418132111.0
008 - FIXED-LENGTH DATA ELEMENTS--GENERAL INFORMATION
fixed length control field 931008s1994 nyua b 001 0 eng
010 ## - LIBRARY OF CONGRESS CONTROL NUMBER
LC control number 93040044
020 ## - INTERNATIONAL STANDARD BOOK NUMBER
International Standard Book Number 0070195528
020 ## - INTERNATIONAL STANDARD BOOK NUMBER
International Standard Book Number 0070197172 (ERM)
040 ## - CATALOGING SOURCE
Original cataloging agency DLC
Transcribing agency DLC
Modifying agency DLC
-- MoSU-L
-- DLC
050 00 - LIBRARY OF CONGRESS CALL NUMBER
Classification number TD1030
Item number .L34 1994
082 00 - DEWEY DECIMAL CLASSIFICATION NUMBER
Classification number 363.728760973 LAG
Edition number 20
100 1# - MAIN ENTRY--PERSONAL NAME
Personal name LaGrega, Michael D.
245 10 - TITLE STATEMENT
Title Hazardous waste management /
Statement of responsibility, etc. Michael D. LaGrega, Phillip L. Buckingham, Jeffrey C. Evans.
260 ## - PUBLICATION, DISTRIBUTION, ETC.
Place of publication, distribution, etc. New York :
Name of publisher, distributor, etc. McGraw-Hill,
Date of publication, distribution, etc. c1994.
300 ## - PHYSICAL DESCRIPTION
Extent xxxii, 1146 p. :
Other physical details ill. ;
Dimensions 25 cm.
440 #0 - SERIES STATEMENT/ADDED ENTRY--TITLE
Title McGraw-Hill series in water resources and environmental engineering
500 ## - GENERAL NOTE
General note P.B
504 ## - BIBLIOGRAPHY, ETC. NOTE
Bibliography, etc. note Includes bibliographical references and index.
650 #0 - SUBJECT ADDED ENTRY--TOPICAL TERM
Topical term or geographic name entry element Hazardous wastes
General subdivision Management.
700 1# - ADDED ENTRY--PERSONAL NAME
Personal name Buckingham, Phillip L.
700 1# - ADDED ENTRY--PERSONAL NAME
Personal name Evans, Jeffrey C.
906 ## - LOCAL DATA ELEMENT F, LDF (RLIN)
a 7
b cbc
c orignew
d 1
e ocip
f 19
g y-gencatlg
942 ## - ADDED ENTRY ELEMENTS (KOHA)
Source of classification or shelving scheme
Koha item type Book
Call number prefix 363.728760973 LAG
Holdings
Withdrawn status Lost status Source of classification or shelving scheme Damaged status Not for loan Collection code Permanent Location Current Location Shelving location Date acquired Total Checkouts Full call number Barcode Date last seen Price effective from Koha item type
            Institute of Environmental Science and Engineering (IESE) Institute of Environmental Science and Engineering (IESE) General Stacks 04/18/2017   363.728760973 LAG IESE-102 04/18/2017 04/18/2017 Book
© 2023 Central Library, National University of Sciences and Technology. All Rights Reserved.